Seriously silly colour : (Record no. 274)
[ view plain ]
| 000 -LEADER | |
|---|---|
| fixed length control field | 00869nam a22002777a 4500 |
| 001 - CONTROL NUMBER | |
| control field | 274 |
| 003 - CONTROL NUMBER IDENTIFIER | |
| control field | FISKH |
| 005 - DATE AND TIME OF LATEST TRANSACTION | |
| control field | 20241218105949.0 |
| 008 - FIXED-LENGTH DATA ELEMENTS--GENERAL INFORMATION | |
| fixed length control field | 230314b cb ||||| |||| 00| 0 eng d |
| 040 ## - CATALOGING SOURCE | |
| Original cataloging agency | FISKH |
| Language of cataloging | eng |
| Transcribing agency | FISKH |
| Modifying agency | FISKH |
| 050 ## - LIBRARY OF CONGRESS CALL NUMBER | |
| Classification number | PZ7 |
| 082 ## - DEWEY DECIMAL CLASSIFICATION NUMBER | |
| Classification number | 823.914 |
| 100 ## - MAIN ENTRY--PERSONAL NAME | |
| Personal name | Anholt, Laurence |
| 245 ## - TITLE STATEMENT | |
| Title | Seriously silly colour : |
| Remainder of title | Bleeping beauty / |
| Statement of responsibility, etc. | Laurence Anholt ; Arthur Robins |
| 260 ## - PUBLICATION, DISTRIBUTION, ETC. | |
| Place of publication, distribution, etc. | London : |
| Name of publisher, distributor, etc. | Orchard, |
| Date of publication, distribution, etc. | 2008. |
| 300 ## - PHYSICAL DESCRIPTION | |
| Extent | 32 pages : |
| Other physical details | color illustrations ; |
| Dimensions | 22 cm. |
| 490 ## - SERIES STATEMENT | |
| Series statement | Bleeping Beauty |
| 505 ## - FORMATTED CONTENTS NOTE | |
| Formatted contents note | M<br/> |
| 520 ## - SUMMARY, ETC. | |
| Summary, etc. | There once was a beautiful baby princess. The good fairies all made good wishes for her - but there was one bad fairy who made a very bad wish |
| 521 8# - TARGET AUDIENCE NOTE | |
| Target audience note | 530 <br/> |
| Source | Lexile<br/> |
| 521 8# - TARGET AUDIENCE NOTE | |
| Target audience note | M <br/> |
| Source | Raz-Plus<br/><br/> |
| 650 ## - SUBJECT ADDED ENTRY--TOPICAL TERM | |
| Topical term or geographic name entry element | Fairy Tales |
| 700 ## - ADDED ENTRY--PERSONAL NAME | |
| Personal name | Robins, Arthur |
| 942 ## - ADDED ENTRY ELEMENTS (KOHA) | |
| Source of classification or shelving scheme | Dewey Decimal Classification |
| Koha item type | Books |
| Suppress in OPAC | No |
| Withdrawn status | Lost status | Source of classification or shelving scheme | Damaged status | Not for loan | Collection | Home library | Current library | Shelving location | Date acquired | Total Checkouts | Full call number | Barcode | Date last seen | Price effective from | Koha item type |
|---|---|---|---|---|---|---|---|---|---|---|---|---|---|---|---|
| Dewey Decimal Classification | Juvenile Fiction | Footprints International School Library Network Toul Kork Campus | Footprints International School Library Network Toul Kork Campus | TK Primary Library Room(4th Floor), Bookcase 3&4, Shelves 17-32, Yellow Books | 12/18/2024 | ANH 823.914 PZ7 | 2023-0014 | 03/14/2023 | 12/18/2024 | Books |
